PRÁVNA ÚPRAVA VODNÉHO HOSPODÁRSTVA VO VZŤAHU K VYPÚŠŤANIU ODPADOVÝCH VÔD

Bibliographic Details
Main Author: Mylbachr, Milan (Author)
Format: Article
Language:Slovak

MARC

LEADER 00000naa a2200000uu 4500
001 vtls011085670
003 SK-MaSNL
005 20260302105233.0
008 210905|1997 xo |||||||||||||||||slo|
015 |a SNBRA 
035 |a (urnnbn)urn:nbn:sk:snk:ar-a0cm70 
035 |a (uuid)4c834db3-3c34-425f-bf23-6c271d67a7f2 
035 |a urn:nbn:sk:snk-aavs2l 
040 |a SNKBUCL  |b slo  |c SNKBUCL  |e AACR2 
041 0 |a slo 
044 |a xo  |c SK 
100 1 |a Mylbachr, Milan  |4 aut  |9 783626 
245 1 0 |a PRÁVNA ÚPRAVA VODNÉHO HOSPODÁRSTVA VO VZŤAHU K VYPÚŠŤANIU ODPADOVÝCH VÔD  |c Milan MYLBACHR 
773 0 |t Ekologické spôsoby odmasťovania kovových povrchov  |d Banská Bystrica : [Dom techniky ZSVTS], 1997  |g S. 3-6  |z 8023001485 
958 |a OND 
958 |a article12 
958 |a chapter 
999 |c 1237881  |d 1239811